ՀՀ Գիտությունների ազգային ակադեմիայի հիմնարար գիտական գրադարան  =   Fundamental Scientific Library of NAS RA
Normal view MARC view

Entry Personal Name

Number of records used in: 33

001 - CONTROL NUMBER

  • control field: 970

003 - CONTROL NUMBER IDENTIFIER

  • control field: AM-YEHGA

005 - DATE AND TIME OF LATEST TRANSACTION

  • control field: 20250617070424.0

008 - FIXED-LENGTH DATA ELEMENTS

  • fixed length control field: 041014 a|ac|n|aab||||||||||||a |n|||||||

040 ## - CATALOGING SOURCE

  • Original cataloging agency: AM-YEHGA

100 1# - HEADING--PERSONAL NAME

  • Personal name: Ավագյան, Արևշատ Խոսրովի,
  • Dates associated with a name: 1940-

400 1# - SEE FROM TRACING--PERSONAL NAME

  • Personal name: Ավագյան, Ա.Խ.
  • Fuller form of name: (Արևշատ Խոսրովի),
  • Dates associated with a name: 1940-

400 1# - SEE FROM TRACING--PERSONAL NAME

  • Personal name: Ավագյան, Արևշատ,
  • Dates associated with a name: 1940-

400 1# - SEE FROM TRACING--PERSONAL NAME

  • Personal name: Ավագյան, Ա.
  • Fuller form of name: (Արևշատ),
  • Dates associated with a name: 1940-

400 1# - SEE FROM TRACING--PERSONAL NAME

  • Personal name: Авакян, Аревшат Хосровович,
  • Dates associated with a name: 1940-

400 1# - SEE FROM TRACING--PERSONAL NAME

  • Personal name: Avagyan, Arevshat Khosrovi,
  • Dates associated with a name: 1940-

670 ## - SOURCE DATA FOUND

  • Source citation: Խաչատրյան Հ. Գրական տեղեկատու, 1986 :
  • Information found: էջ 97 (Ավագյան Արևշատ Խոսրովի (ծն. 1940 թ. հուլ. 24, Աշտարակ), բանաստեղծ, թարգմանիչ, նկարիչ, ՍՍՀՄ գրող. միութ. անդամ 1970-ից)


ՀՀ ԳԱԱ հիմնարար գիտական գրադարան
ՀՀ,Երևան 0019
Մարշալ Բաղրամյան 24/6
հեռախոս:(374-10) 52-47-50
Հետադարձ կապ

All site content, except where otherwise noted, is licensed under a
Creative Commons License